000 00331nam a22001457a 4500
008 230606b ||||| |||| 00| 0 eng d
020 _a9780803644755
041 _aeng
080 _214 EDITION
_a610.73
082 _a610.73DOE
100 _a8
101 _aINF
245 _aNURSE'S POCKET GUIDE
_cDOENGES.E.M
942 _2udc
_cBK
999 _c59921
_d59921